| 000 | 00437nam a2200169 i 4500 | ||
|---|---|---|---|
| 001 | 68105 | ||
| 003 | ES-MaACL | ||
| 005 | 20230906170215.0 | ||
| 007 | t| | ||
| 008 | 040610s1973 sp ||||1| spa d | ||
| 100 | 1 |
_aGanzo, Julio. _953894 |
|
| 245 | 1 | 0 |
_aTeoría del final... / _cJulio Ganzo. |
| 250 | _a3ª ed. | ||
| 260 |
_aMadrid : _bAguilera, _c1973. |
||
| 300 |
_a144 p. : _bil. ; _c18 cm. |
||
| 852 |
_aES-MaACL _jC-53684 _bR.86824 |
||
| 999 |
_c68105 _d68105 |
||